Statistiques concernant Culture Générale - Série 2029

Cliquez ici pour prendre le quiz!

Statistiques générales

  • Ce quiz a été pris 91 fois
  • Le résultat moyen est 4 sur 10

Statistiques - réponses

QuestionRéponse% Correct
Quel nom de légume emploie-t-on lorsqu'on a de la peine, du chagrin : "on en a gros sur la .... ?patate
98%
Ce nom féminin désigne familièrement une maigre nourriture - 7 lettres commençant par " p "pitance
69%
Quelle boisson très alcoolisée est le "rye", originaire d'Amérique du Nord notamment du Canada ?whisky
62%
Dans la région lyonnaise, quel nom donne-t-on à un gamin ?gone
52%
Le nom de ce singe contient 6 lettres dont trois mêmes voyellesbonobo
42%
Figure de rhétorique qui consiste à atténuer l'expression de sa pensée (ex. ce n'est pas mauvais pour c'est très bon).litote
30%
Quel chimiste, botaniste et homme politique français né à Carpentras en 1794 (84) a donné son nom à une station de métro de Paris de la ligne 6 ? voir photoFrançois-Vincent Raspail
7%
Quelle est la monnaie du Kirghizistan ?som
7%
Quelle rivière arrose la ville de Gisors (28) ?Epte
3%
Quel nom porte le massif de haute montagne centré sur l'Est du Tadjikistan avec des prolongements en Afghanistan, en République populaire de Chine et au Kirghizistan ? - 5 lettresPamir
3%

Distribution des résultats

Percentile par nombre de réponses

% des personnes avec chaque résultat

Votre développement - résultats

Vous n’avez pas pris ce quiz